Somália - Statistics

Estatísticas Gerais
  • Esse quiz foi jogado 7 vezes
  • A pontuação média é 7 de 13
Estatísticas das Respostas
Hint Resposta % Correto
Qual é o seu idioma? Somali
100%
Onde fica? África
86%
Onde fica localizada? Chifre de África
86%
Com que país faz fronteira a Oeste? Etiópia
86%
De que país é independente? Reino Unido
86%
Com que país faz fronteira a Noroeste? Djibouti
71%
Com que oceano faz fronteira a Leste? Índico
71%
Com que país faz fronteira a Sudoeste? Quénia
57%
Qual é a sua capital? Mogadíscio
43%
Com que país faz fronteira a Norte? Iémen
14%
Qual é o seu ponto mais alto? Shimbiris
14%
Qual é a sua moeda? Xelim somaliano
14%
Qual é a sua religião? Sunismo
0%
Nenhum quiz correspondente encontrado
Distribuição das Pontuações
Porcentagem de Pessoas com Cada Pontuação
Percentil de Números Respondidos
Sua Pontuação Histórica
Você não jogou esse quiz